"R" quiz - Statistics

General Stats
  • This quiz has been taken 16 times
  • The average score is 9 of 11
Answer Stats
Hint Answer % Correct
18th letter of the English Alphabet R
100%
Female pronoun Her
92%
What a pirate might say Arr
85%
To make a mistake Err
85%
Conjunction put between options Or
85%
Found in a mine, perhaps Ore
85%
Boat propeller Oar
77%
Over, in poetry O'er
77%
A vocalized pause, more common in British English Er
69%
Repeated after "hardy" for a sarcastic laugh Har
69%
Programming language frequently used in statistics R
31%
No matching quizzes found
Score Distribution
Percent of People with Each Score
Percentile by Number Answered
Your Score History
You have not taken this quiz